Clubs avec le plus de titres dans leurs championnats - Statistiques

Statistiques générales
  • Ce quiz a été pris 192 fois
  • Le résultat moyen est 27 sur 50
Statistiques - réponses
Titres Dernier titre Clubs % Correct
11 2023 PSG
99%
9 2010 OM
98%
27 2023 BARCELONE
96%
7 2008 OL
96%
35 2022 REAL MADRID
96%
9 2023 MANCHESTER CITY
92%
4 2021 LILLE
91%
10 1981 ASSE
90%
19 2020 LIVERPOOL
89%
8 2017 MONACO
89%
9 2021 ATLETICO MADRID
88%
6 2017 CHELSEA
82%
13 2004 ARSENAL
81%
33 2023 BAYERN MUNICH
81%
6 2009 BORDEAUX
81%
8 2001 NANTES
81%
20 2013 MANCHETER UNITED
79%
6 2004 VALENCE
72%
36 2020 JUVENTUS
71%
1 1946 FC SEVILLE
69%
19 2021 INTER
69%
19 2022 AC MILAN
67%
8 2012 BORUSSIA DORTMUND
67%
3 2023 NAPLES
63%
6 1962 REIMS
63%
4 1959 NICE
61%
1 1935 BETIS SEVILLE
53%
3 2001 AS ROME
50%
8 1984 ATHLETICO BILBAO
49%
2 1982 REAL SOCIEDAD
47%
7 1981 ASTON VILLA
42%
7 1958 SCHALKE 04
39%
9 1987 EVERTON
35%
6 1983 HAMBOURG
35%
1 2000 DEPORTIVO LA COROGNE
33%
4 1926 NEWCASTLE UNITED
30%
2 1969 FIORENTINA
29%
3 1913 VFB LEIPZIG
25%
4 2004 WERDER BREME
21%
5 2007 STUTTGART
20%
7 1964 BOLOGNE
15%
9 1924 GENOA
15%
8 1976 TORINO
15%
5 1977 BORUSSIA MONCHENGLADBACH
14%
9 1968 NUREMBERG
11%
6 1936 SUNDERLAND
10%
4 1998 KAISERSLAUTERN
6%
7 1922 VERCELLI
1%
2 1941 ATLETICO AVIACION
0%
3 1959 WOLVERAMPTON
0%
Aucun quiz correspondant
Distribution des résultats
% des personnes avec chaque résultat
Percentile par nombre de réponses
Votre historique - résultats
Vous n’avez pas pris ce quiz